La iglesia y América Latina: aportes pastorales desde el CELAM
Uloženo v:
| Korporativní autor: | |
|---|---|
| Médium: | Kniha |
| Jazyk: | španělština |
| Vydáno: |
Bogotá
CELAM
1978
|
| Edice: | Documentos CELAM
|
| Témata: | |
| Tagy: |
Přidat tag
Žádné tagy, Buďte první, kdo vytvoří štítek k tomuto záznamu!
|
MARC
| LEADER | 00000cam a2200000 a 4500 | ||
|---|---|---|---|
| 001 | UCL3457 | ||
| 003 | CL-VaPUC | ||
| 008 | 031128e19780000CK |||||||||||||||||spa|d | ||
| 082 | 0 | 4 | |a 282.8 |b CON |2 21 |
| 110 | 2 | |a Consejo Episcopal Latinoamericano |e author |9 480743 | |
| 245 | 1 | 3 | |a La iglesia y América Latina: aportes pastorales desde el CELAM |
| 300 | |a v | ||
| 942 | |c BK | ||
| 945 | |d 20031128 00:00:00 |a vberengu | ||
| 260 | |a Bogotá |b CELAM |c 1978 | ||
| 500 | |a Conclusiones de los principales Encuentros organizados por el CELAM en los diez últimos años | ||
| 500 | |a Material auxiliar para la III Conferencia General del Episcopado Latinoamericano | ||
| 650 | 7 | |a EVANGELIZACION |2 CL-VaPUC |9 480744 | |
| 650 | 0 | |a Iglesia Católica |9 256114 | |
| 651 | 0 | |a América Latina |9 255027 | |
| 583 | |a last modification |c 20180502 08:58:07 |k Rodrigo Vera | ||
| 490 | 0 | |a Documentos CELAM | |
| 999 | |c 306495 |d 306493 | ||
| 952 | |0 0 |1 0 |4 0 |6 282_800000000000000_CON_1978 |7 0 |8 A |9 371524 |a BIBTEO |b BIBTEO |d 2019-11-21 |h v.1 t.1 |i 2096056 |o 282.8 CON 1978 |p 2096056 |r 2024-01-18 |w 2019-11-21 |y BK |k ICR | ||
| 952 | |0 0 |1 0 |4 0 |6 282_800000000000000_CON_1978 |7 0 |8 A |9 371525 |a BIBTEO |b BIBTEO |d 2019-11-21 |h v.2 t.2 |i 2096064 |o 282.8 CON 1978 |p 2096064 |r 2024-01-18 |w 2019-11-21 |y BK |k ICR | ||
| 952 | |0 0 |1 0 |4 0 |6 282_800000000000000_CON_1978 |7 0 |8 A |9 371526 |a BIBTEO |b BIBTEO |d 2019-11-21 |h v.2 t.2 |i 3383059 |o 282.8 CON 1978 |p 3383059 |r 2024-01-18 |w 2019-11-21 |y BK |k ICR | ||
| 952 | |0 0 |1 0 |3 erb |4 0 |6 282_800000000000000_CON_1978 |7 0 |8 A |9 371527 |a BIBTEO |b BIBTEO |e Rehbein Pesce, Antonio, -2014 |h v.2 t.1 |i 5180090 |o 282.8 CON 1978 |p 5180090 |r 2024-01-18 |w 2019-11-21 |y BK |z Catalogado en:20150520 |k ICR | ||
| 952 | |0 0 |1 0 |3 erb |4 0 |6 282_800000000000000_CON_1978 |7 0 |8 A |9 371528 |a BIBTEO |b BIBTEO |e Rehbein Pesce, Antonio, -2014 |h v.2 t.2 |i 5180104 |o 282.8 CON 1978 |p 5180104 |r 2024-01-18 |w 2019-11-21 |y BK |z Catalogado en:20150520 |k ICR | ||